000 00352nam a22001577a 4500
003 SGT
020 _a81-8204-023-X
082 _a647.954
_bAGG
100 _aAGGARWAL, DR. D.K.
245 _aHOUSEKEEPING MANAGEMENT
250 _a1ST
260 _aDELHI
_bAMAN PUB.
_c2022
300 _a264
650 _aHOUSEKEEPING MANAGEMENT
942 _2ddc
_cBK
999 _c28599
_d28599